[Event "Stay Safe Play From Home 229"]
[Site "Emanuel Lasker Arena"]
[Date "2020.06.16"]
[Round "1"]
[White "Little champs"]
[Black "Mcpupple"]
[Result "1-0"]
[WhiteElo "2308"]
[BlackElo "1805"]
[Annotator "TA"]
[PlyCount "91"]
[EventDate "2020.06.16"]
[EventType "swiss (blitz)"]

{[%evp 9,90,20,26,7,9,0,0,-2,-10,0,34,-20,-20,-40,-29,-80,-65,-78,-71,-100,-118,-160,-159,-272,-131,-225,601,81,229,228,364,370,371,379,390,388,540,397,360,357,563,553,559,536,587,585,783,774,763,766,750,781,791,770,1864,1588,2075,1997,29994,29993,29993,29994,29994,29995,29995,29995,29995,29995,29995,29994,29994,29994,29995,29996,29996,29997,29997,29997,29997,29998,29998,29999,29999]} 1. d4 c6 2. e4 d5 3. Nc3 e6 4. exd5 cxd5 5. Nf3 Nf6 6. Bb5+ {B13: Caro-Kann: Exchange Variation and Panov-Botvinnik Attack.} Bd7 7. a4 {[#]} Bb4 $146 ({Predecessor:} 7... a6 8. Bxd7+ Nbxd7 9. Be3 Bb4 10. Bd2 O-O 11. Ne5 Qa5 12. O-O Nxe5 13. dxe5 Nd7 {1-0 (31) Piacentile,C (1351)-Rodriguez,J (1296) LSS email 2012}) 8. O-O {The position is equal.} Bxc3 9. bxc3 O-O 10. Ba3 ({White should try} 10. Bd3 $14) 10... Re8 $11 11. Ne5 Qc7 12. Qd3 (12. Bd3 $11) 12... a6 $17 13. Bxd7 Nbxd7 14. f4 Rac8 15. Bb2 Ne4 16. Rf3 (16. a5 $17) 16... Ndf6 (16... Nxe5 $19 17. fxe5 Qb6) 17. g4 (17. Qd1 $17 {was necessary.}) 17... Qc4 $4 {[%mdl 8192]} (17... Qb6 $19 18. Ra2 Nd6) 18. g5 $2 (18. Nxc4 $18 {and the rest is easy.} Rxc4 19. g5) 18... Qxd3 {This move loses the game for Black.} (18... Qc7 $16 {keeps fighting.}) 19. cxd3 $18 Nh5 (19... Nd2 $142) 20. dxe4 dxe4 21. Rf2 f6 22. gxf6 gxf6 23. Ng4 f5 24. Ne5 Kh8 (24... Re7 $142 25. c4 Rg7+ 26. Kh1 Nf6) 25. Kh1 Rg8 26. c4 {[%cal Bc3c4,Bc4d5,Bd5d6,Bd6d7][%mdl 32]} h6 27. d5 exd5 28. cxd5 Kh7 29. d6 Rcd8 30. d7 Rg7 31. Rd1 Nxf4 32. Rxf4 Re7 33. Rxf5 {[#] White wants to mate with Rg1.} Rxe5 34. Rxe5 {White mates.} Kg6 35. Re8 Rxd7 36. Rxd7 b5 37. Rxe4 bxa4 38. Rc4 Kf5 39. Rd5+ Ke6 {[#]} 40. Ra5 $1 h5 41. Rc6+ Kd7 42. Rh6 a3 43. Bxa3 h4 44. Rg5 h3 45. Rg7+ Ke8 46. Rh8# {Accuracy: White = 45%, Black = 41%.} 1-0

[Event "Stay Safe Play From Home 229"]
[Site "Emanuel Lasker Arena"]
[Date "2020.06.16"]
[Round "1"]
[White "Toosieslide"]
[Black "Edmatuag"]
[Result "1-0"]
[WhiteElo "2279"]
[BlackElo "1667"]
[Annotator "TA"]
[PlyCount "111"]
[EventDate "2020.06.16"]
[EventType "swiss (blitz)"]

{[%evp 9,111,47,62,56,58,38,48,47,52,52,60,36,73,-44,-9,-100,-99,-182,-175,-172,-166,-160,-163,-277,-266,-266,-252,-251,-215,-222,-219,-213,-125,-204,-148,-146,-151,-140,-103,-104,-39,-142,0,-21,39,-29,193,-14,-6,-6,193,193,193,193,197,177,467,484,456,427,410,402,669,640,1233,897,1210,1130,833,263,2738,2418,5610,4243,6203,2088,29975,29976,29976,29976,29975,29978,29977,29977,29977,29978,29978,29979,29984,29985,29985,29986,29986,29987,29989,29990,29990,29991,29993,29994,29994,29993,29995,29996]} 1. d4 d6 2. c4 e6 3. Nc3 Nf6 4. e4 Nbd7 5. f3 e5 {[#]} 6. Be3 $146 {A18: English Opening: Flohr-Mikenas System (1 c4 Nf6 2 Nc3 e6 3 e4).} ({Predecessor:} 6. Nce2 Be7 7. d5 c5 8. g4 Ng8 9. Ng3 Bh4 10. Bd3 h5 11. Kf1 hxg4 12. Nf5 {0-1 (32) Meged,E (2143)-Abdel Fadil,M (2198) Mahalla 2012}) 6... exd4 7. Bxd4 Be7 8. Nge2 {White is slightly better.} O-O 9. Qd2 c6 10. O-O-O Qc7 11. g4 ({White should play} 11. Kb1 $16) 11... Ne5 $15 12. Bxe5 (12. Qf4 $1 $11) 12... dxe5 $17 13. g5 (13. Kb1 $17 {was the only chance.}) 13... Nh5 14. Ng3 Nf4 15. h4 Be6 16. Be2 (16. Nf5 $142) 16... Rfd8 $19 17. Qc2 Rxd1+ 18. Rxd1 Rd8 19. Bf1 Rxd1+ 20. Nxd1 Qd6 (20... f6 $19 21. gxf6 Bxf6) 21. Ne3 (21. Nf5 $17 {might work better.} Bxf5 22. exf5) 21... Qd4 22. Qd2 Qxd2+ 23. Kxd2 Bc5 24. Ngf5 Bxe3+ ({Black should try} 24... h5 $17 25. gxh6 g6) 25. Nxe3 $17 {[%mdl 4096] Endgame [#] KBN-KBN} (25. Kxe3 $15 Bxf5 26. exf5) 25... g6 (25... Ng6 $1 $17 26. Ng2 Bh3) 26. b3 a5 (26... Kg7 $11) 27. Ng4 (27. Kc3 $14) 27... Kg7 $2 (27... Bxg4 $1 $11 28. fxg4 c5) 28. Nf2 $2 (28. Nxe5 $18 {Ke3 is the strong threat.} f6 29. Nd3 Nxd3 30. Kxd3 (30. Bxd3 c5 $16)) 28... Bd7 29. Nd3 Be6 $2 {[#]} (29... Nxd3 $11 {and Black stays safe.} 30. Kxd3 f6) 30. Nxe5 $18 f6 31. Nd3 Nxd3 32. Bxd3 fxg5 $2 (32... c5 33. f4 Bd7) 33. hxg5 {KB-KB} h6 34. gxh6+ Kxh6 35. f4 Kh5 (35... b6 $142 36. Ke3 Kg7) 36. f5 gxf5 37. exf5 Bf7 38. Ke3 Kg5 39. Ke4 $2 (39. Kd4 b5 40. cxb5 cxb5 41. Bxb5 Kxf5 42. Bc4) 39... Bh5 $2 (39... Kf6 40. Kd4 b6) 40. Ke5 Bf7 41. f6 b6 42. Kd6 c5 43. Ke7 {White mates.} Bh5 44. f7 Bxf7 45. Kxf7 {KB-K3P} Kf4 46. Ke6 Ke3 47. Bh7 Kd4 48. Kd6 Kc3 49. Kc6 a4 50. bxa4 Kxc4 51. Kxb6 {KB-KP} Kb4 52. a5 c4 53. a6 c3 54. a7 c2 55. Bxc2 Ka3 56. a8=Q+ {Quite a comeback for White. Accuracy: White = 57%, Black = 37%.} 1-0

[Event "Stay Safe Play From Home 229"]
[Site "Emanuel Lasker Arena"]
[Date "2020.06.16"]
[Round "1"]
[White "Lazieri3"]
[Black "Bardellosport"]
[Result "1-0"]
[WhiteElo "2073"]
[BlackElo "2056"]
[Annotator "TA"]
[PlyCount "127"]
[EventDate "2020.06.16"]
[EventType "swiss (blitz)"]

{[%evp 9,126,23,29,-2,5,0,31,0,19,19,12,9,220,168,177,118,138,149,184,47,44,41,46,75,89,43,51,66,59,30,97,18,17,15,24,28,44,0,0,0,0,0,58,42,91,0,62,0,120,115,168,168,168,168,168,168,168,66,1391,1223,29965,29964,29963,29967,29966,29964,29969,29970,29969,29969,29982,29983,29984,29985,29985,29986,29986,29987,29987,29988,29989,29990,29990,29991,29991,29991,29991,29991,29995,29993,29995,29996,29997,29997,29997,29994,29997,29995,29995,29993,29995,29994,29994,29994,29994,29995,29995,29995,29996,29997,29997,29997,29998,29998,29998,29998,29999,29999,29999]} 1. e4 d6 2. Nc3 Nd7 3. d4 Ngf6 4. f3 e5 5. Be3 Be7 6. Bc4 {B07: Pirc Defence: Miscellaneous Systems.} c6 7. Nge2 Qc7 {[#]} 8. O-O $146 {White is slightly better.} ({Predecessor:} 8. Qd2 b5 9. Bb3 O-O 10. O-O Bb7 11. d5 b4 12. Nd1 c5 13. c3 a5 14. cxb4 axb4 {1-0 (58) Reyes,D (1551)-Haj Bakri,A (1196) Dubai 2019}) 8... b5 9. Bb3 Bb7 10. a3 O-O-O $2 (10... O-O $11 {and Black stays safe.}) 11. Qe1 a6 12. Qf2 (12. Bxf7 $18 Kb8 13. Rd1) 12... c5 13. dxc5 Nxc5 14. Nd5 ({Resist} 14. Bxf7 $6 Rhf8 $14) ({Better is} 14. Rfd1 $18) 14... Nxd5 $14 15. Bxd5 Bxd5 16. exd5 Rhf8 17. b4 Na4 $1 18. c4 $1 {[%cal Rc4b5]} bxc4 19. Rfc1 {Strongly threatening Rxc4!} Kb8 {[#]} (19... Kd7 $11) 20. Nc3 (20. Rab1 $1 $16) 20... Nxc3 $11 21. Rxc3 Qb7 22. Rxc4 {Hoping for Rc6.} Rc8 $1 {[%cal Rc8c4]} 23. Rac1 {Black must now prevent Rc6.} Rxc4 24. Rxc4 Rc8 25. Rxc8+ Kxc8 (25... Qxc8 $11 26. Qf1 Qc3) 26. Qc2+ $14 Kd7 27. Qc4 (27. Qxh7 $16 Qxd5 28. Qxg7) 27... f5 ({Black should play} 27... Qb5 $11 28. Qxb5+ axb5) 28. h3 (28. a4 $1 $14) 28... g5 {[#]} (28... Qb5 $11 29. Qxb5+ axb5) 29. a4 $1 $16 {[%cal Ba3a4,Ba4b5,Bb5b6][%mdl 32]} h5 (29... f4 $16 {might work better.}) 30. b5 $36 {[%mdl 2048] Keeping Black busy.} axb5 31. axb5 Bd8 32. Qc6+ Qxc6 33. dxc6+ {[%mdl 4096] Endgame KB-KB} (33. bxc6+ $18 Kc7 34. Kf1) 33... Ke6 $2 {[%mdl 8192]} (33... Kc7 $14) 34. b6 d5 35. c7 {White mates.} Bxc7 36. bxc7 {KB-KP} Kd7 37. Bxg5 Kxc7 38. g4 hxg4 39. fxg4 Kd6 40. gxf5 {KB-KPP} e4 41. f6 Ke6 42. Kf2 Kf7 43. Ke3 Ke6 44. Kd4 Kf7 45. Kxd5 Kg6 46. Kxe4 Kf7 47. Ke5 Kg6 48. Ke6 Kh7 49. Ke7 Kg8 50. f7+ Kh7 51. f8=Q Kg6 52. Bf6 Kh5 53. h4 Kg4 54. Qh8 Kf5 55. h5 Ke4 56. h6 Kd5 57. h7 Kc6 58. Qg7 Kc7 59. h8=Q Kc6 60. Qd8 Kb7 61. Qg4 Ka6 62. Qgc8+ Ka7 63. Qb8+ Ka6 64. Qdb6# {Accuracy: White = 61%, Black = 59%.} 1-0

[Event "Stay Safe Play From Home 229"]
[Site "Emanuel Lasker Arena"]
[Date "2020.06.16"]
[Round "1"]
[White "SecantFX"]
[Black "Lamborghini"]
[Result "1-0"]
[WhiteElo "1866"]
[BlackElo "2213"]
[Annotator "TA"]
[PlyCount "127"]
[EventDate "2020.06.16"]
[EventType "swiss (blitz)"]

{[%evp 9,127,423,426,425,456,441,454,424,455,368,382,319,369,366,427,426,549,416,658,512,543,493,572,395,369,278,351,285,508,395,415,333,341,215,240,217,218,214,364,357,442,228,402,368,390,383,376,387,468,418,450,431,486,475,510,485,487,-484,-470,-519,-443,-387,-384,-839,529,-1223,-1223,-1202,-1107,-1837,-1818,-1776,-1736,-29978,-5389,-2810,-2382,-29992,-937,-937,7,8,14,0,0,0,493,472,463,474,889,808,679,462,435,431,29985,29986,29986,29987,29987,29988,29988,29989,29989,29989,29990,29991,29992,29991,29993,29993,29993,29994,29995,29996,29998,29997,29997,29996]} 1. g3 d6 2. Bg2 e5 3. f4 {[#]} f5 $146 ({Predecessor:} 3... c6 4. c4 Be6 5. d3 Nf6 6. Nc3 Ng4 7. Ne4 Qb6 8. Bh3 d5 9. Ng5 Bb4+ 10. Bd2 Ne3 11. Qb3 Bxd2+ 12. Kxd2 d4 13. Bxe6 fxe6 14. Nxe6 Qa5+ 15. Kc1 Qe1+ 16. Qd1 Qxd1# {0-1 (16) Von Harsdorf,A-Daestner,M Berlin 2002}) 4. fxe5 Nf6 5. exf6 Qxf6 6. Nf3 {A00: Irregular Openings.} Nc6 7. O-O g6 8. c3 {White is clearly winning.} Bg7 9. b3 O-O 10. Bb2 Re8 11. e3 g5 12. Na3 d5 13. Nd4 Ne5 (13... Nxd4 $142 14. cxd4 c6) 14. Qe2 c5 15. Nf3 Ng6 16. Qd3 Be6 17. Rae1 Rad8 18. Qc2 c4 $2 (18... g4 19. Nh4 Nxh4) 19. b4 a6 20. Qc1 Bc8 21. Nd4 Ne5 22. Nac2 Nd3 23. Qb1 b5 (23... Qg6 {is a better defense.} 24. Re2 f4 25. gxf4 gxf4) 24. Re2 $18 h6 25. Ref2 (25. Ne1 $142) 25... Qe5 $2 (25... Nxf2 {was necessary.} 26. Rxf2 Re5) 26. Rxf5 Bxf5 27. Rxf5 Qe7 28. Rxd5 Ne5 29. Rxd8 Rxd8 30. Nf5 Qf6 31. Ncd4 Bf8 32. Qe4 Nd3 33. Qxd3 $4 {[%mdl 8192]} (33. Ba3 $18 {and all is fine.}) 33... cxd3 $19 34. Bc1 Bg7 35. g4 Qf7 36. Be4 $2 (36. Nb3) 36... Bxd4 $4 {[%mdl 8192]} (36... Qxa2 $19 {and life is good for Black.} 37. Bxd3 Bxd4 38. Nxd4 Rxd4 $1 {[%mdl 512]} 39. exd4 Qa1) 37. Nxd4 $4 {[%mdl 8192]} (37. Nxh6+ $18 Kg7 38. Nxf7 Bxe3+ 39. dxe3 Kxf7 40. Bd2) 37... Qxa2 38. Bxd3 Qa1 39. Ne2 Rxd3 40. Kf2 Rd7 41. Nd4 Rf7+ (41... Qxc1 $142 42. Ke2 Qg1 $1 {[%mdl 512]} 43. Kf3 Qd1+ 44. Kg3 Qxd2 45. Kf3 Qxh2 46. c4 bxc4 47. b5 axb5 48. Ne2 Qh1+ 49. Kg3 Rd2 50. Nf4 c3 51. e4 Qh4+ 52. Kf3 Qf2#) 42. Ke2 Qxc1 {[%csl Gf7][%cal Rc1f1]} 43. Nf3 Qf1+ (43... Qh1 $142 44. Ne1 Qf1+ 45. Kd1 Rf2 46. Kc2 Rxh2 47. Nd3 {[#]} Qe2 $1 {[%mdl 576] Double Attack} 48. Kc1 Qxd2+ {[%mdl 64] Double Attack} 49. Kb1 Qxd3+ 50. Kc1 Qf1#) 44. Kxf1 {[%mdl 4096] Endgame KR-KN} Rd7 $2 (44... Rxf3+ $19 45. Ke2 Rh3) 45. Ke2 $11 a5 46. Nd4 a4 {...Rxd4! is the strong threat.} 47. Nxb5 a3 $2 {[%mdl 8192] White now steadily converts the win.} (47... h5 $11) 48. Nxa3 $18 Ra7 49. Nc4 Ra2 (49... Kf7 $142 50. d4 Ke6) 50. Kd3 Kf7 51. Ne5+ Ke6 52. Nf3 Rxd2+ (52... Kd7 $18 53. e4 Ra8) 53. Kxd2 {KN-KPP. White mates.} Kd6 54. Nd4 Kd5 55. Kd3 Ke5 56. e4 Kd6 57. c4 Ke7 58. b5 Kf7 59. c5 Kg6 60. b6 h5 61. b7 h4 62. b8=Q Kh6 63. Qh8+ Kg6 64. Qh5+ {Accuracy: White = 44%, Black = 31%.} 1-0

[Event "Stay Safe Play From Home 229"]
[Site "Emanuel Lasker Arena"]
[Date "2020.06.16"]
[Round "1"]
[White "Haris kollari 13"]
[Black "SoulofWolf"]
[Result "0-1"]
[WhiteElo "1726"]
[BlackElo "2223"]
[Annotator "NA RC"]
[PlyCount "110"]
[EventDate "2020.06.16"]
[EventType "swiss (blitz)"]

1. e4 {[%emt 0:00:01]} d6 {[%emt 0:00:00]} 2. f4 {[%emt 0:00:01]} c5 {[%emt 0:00:01]} 3. Nf3 {[%emt 0:00:02]} Nc6 {[%emt 0:00:00]} 4. d4 {[%emt 0:00:01]} cxd4 {[%emt 0:00:00]} 5. Nxd4 {[%emt 0:00:00]} a6 {[%emt 0:00:00]} 6. Nc3 {[%emt 0:00:01]} Qc7 {[%emt 0:00:02]} 7. Be3 {[%emt 0:00:01]} Bd7 {[%emt 0:00:01]} 8. Be2 {[%emt 0:00:01]} g6 {[%emt 0:00:00]} 9. Bf3 {[%emt 0:00:01]} Bg7 {[%emt 0:00:00]} 10. Qd2 {[%emt 0:00:01]} h5 {[%emt 0:00:01]} 11. O-O-O {[%emt 0:00:01]} Nf6 {[%emt 0:00:00]} 12. Kb1 {[%emt 0:00:01]} O-O-O {[%emt 0:00:01]} 13. h3 {[%emt 0:00:01]} Rhe8 {[%emt 0:00:02]} 14. Qd3 {[%emt 0:00:02]} Nxd4 {[%emt 0:00:04]} 15. Bxd4 {[%emt 0:00:01]} e5 {[%emt 0:00:00]} 16. fxe5 {[%emt 0:00:02]} dxe5 {[%emt 0:00:00]} 17. Be3 {[%emt 0:00:01]} Bb5 {[%emt 0:00:14]} 18. Nxb5 {[%emt 0:00:03]} Rxd3 {[%emt 0:00:01]} 19. Nxc7 {[%emt 0:00:01]} Rxd1+ {[%emt 0:00:00]} 20. Rxd1 {[%emt 0:00:01]} Kxc7 {[%emt 0:00:00]} 21. c4 {[%emt 0:00:02]} Nd7 {[%emt 0:00:05]} 22. b3 {[%emt 0:00:01]} Kc6 {[%emt 0:00:01]} 23. Rd5 {[%emt 0:00:01]} f5 {[%emt 0:00:03]} 24. Kb2 {[%emt 0:00:03]} Kc7 {[%emt 0:00:01]} 25. c5 {[%emt 0:00:01]} Bf8 {[%emt 0:00:03]} 26. b4 {[%emt 0:00:01]} f4 {[%emt 0:00:01]} 27. Bd2 {[%emt 0:00:03]} g5 {[%emt 0:00:00]} 28. Bc3 {[%emt 0:00:01]} h4 {[%emt 0:00:01]} 29. Bg4 {[%emt 0:00:02]} Re7 {[%emt 0:00:01]} 30. Bxd7 {[%emt 0:00:02]} Rxd7 {[%emt 0:00:00]} 31. Bxe5+ {[%emt 0:00:02]} Kc6 {[%emt 0:00:00]} 32. Rxd7 {[%emt 0:00:01]} Kxd7 {[%emt 0:00:00]} 33. Bf6 {[%emt 0:00:01]} Be7 {[%emt 0:00:00]} 34. Bxe7 {[%emt 0:00:01]} Kxe7 {[%emt 0:00:00]} 35. Kc3 {[%emt 0:00:01]} Ke6 {[%emt 0:00:00]} 36. Kd4 {[%emt 0:00:01]} Kf6 {[%emt 0:00:02]} 37. a4 {[%emt 0:00:01]} Ke6 {[%emt 0:00:00]} 38. b5 {[%emt 0:00:01]} axb5 {[%emt 0:00:00]} 39. axb5 {[%emt 0:00:01]} Kf6 {[%emt 0:00:00]} 40. Kd5 {[%emt 0:00:01]} Ke7 {[%emt 0:00:01]} 41. c6 {[%emt 0:00:01]} f3 {[%emt 0:00:00]} 42. gxf3 {[%emt 0:00:02]} Kd8 {[%emt 0:00:00]} 43. e5 {[%emt 0:00:01]} Kc7 {[%emt 0:00:00]} 44. cxb7 {[%emt 0:00:01]} Kd8 {[%emt 0:00:00]} 45. e6 {[%emt 0:00:00]} Kc7 {[%emt 0:00:00]} 46. b8=Q+ {[%emt 0:00:01]} Kxb8 {[%emt 0:00:00]} 47. e7 {[%emt 0:00:00]} Kb7 {[%emt 0:00:00]} 48. e8=Q {[%emt 0:00:00]} Kb6 {[%emt 0:00:00]} 49. Qc6+ {[%emt 0:00:01]} Ka5 {[%emt 0:00:00]} 50. Qa6+ {[%emt 0:00:00]} Kb4 {[%emt 0:00:00]} 51. b6 {[%emt 0:00:00]} g4 {[%emt 0:00:00]} 52. b7 {[%emt 0:00:00]} g3 {[%emt 0:00:00]} 53. b8=Q+ {[%emt 0:00:01]} Kc3 {[%emt 0:00:00]} 54. Qc4+ {[%emt 0:00:02]} Kd2 {[%emt 0:00:00]} 55. Qb2+ {[%emt 0:00:01]} Ke3 {[%emt 0:00:00] Time (Lag: Av=0.44s, max=4.7s)} 0-1

[Event "Stay Safe Play From Home 229"]
[Site "Emanuel Lasker Arena"]
[Date "2020.06.16"]
[Round "2"]
[White "Little champs"]
[Black "SecantFX"]
[Result "1-0"]
[WhiteElo "2310"]
[BlackElo "1896"]
[Annotator "TA"]
[PlyCount "111"]
[EventDate "2020.06.16"]
[EventType "swiss (blitz)"]

{[%evp 9,110,-318,-316,-328,-298,-298,-290,-324,-320,-333,-310,-316,-152,-153,-161,-170,-156,-149,-50,-51,130,-19,31,-102,-99,-103,-107,-89,-96,-101,0,-200,-113,-214,-222,-202,-46,-41,-39,-43,-36,-25,-36,-876,-228,-239,-20,-12,41,38,334,325,516,524,417,0,12796,1737,29985,29986,29994,29995,29995,29990,29990,29991,29995,29988,29988,29989,29989,29987,29999,29988,29990,29991,29996,29992,29997,29994,29997,29995,29998,29990,29993,29991,29994,29991,29991,29992,29994,29995,29998,29996,29998,29996,29997,29996,29997,29998,29998,29999,29999]} 1. d4 b6 2. e3 Bb7 3. Nf3 g6 4. Be2 {[#]} Bxf3 $146 ({Predecessor:} 4... Bg7 5. O-O e6 6. c4 f5 7. Nc3 Nf6 8. d5 Na6 9. a3 Nc5 10. dxe6 dxe6 {0-1 (25) Nguyen,E (2278)-Arribas Lopez,A (2480) Dallas 2018}) 5. O-O Bxe2 6. Qxe2 {A40: Unusual replies to 1 d4.} Nc6 7. c4 Bg7 8. Nc3 {Black has a decisive advantage.} e6 9. Rd1 Nge7 10. d5 Ne5 (10... Na5 $19 {has better winning chances. aiming for ...Nf5.} 11. e4 O-O) 11. f4 $17 O-O 12. fxe5 Bxe5 13. e4 Bxc3 (13... exd5 $17 {Hoping for ...d4.} 14. cxd5 Nc8) 14. bxc3 $15 Qe8 $2 (14... exd5 $15 15. cxd5 Nc8) 15. Bf4 (15. Bh6 $16) 15... d6 16. Qg4 (16. Bh6 $14 {keeps the upper hand.}) 16... e5 $36 {[%mdl 2048] Black has strong initiative.} 17. Bh6 f5 18. exf5 Rxf5 19. Rf1 Qf7 (19... Rf7 $17 20. Bg5 Rxf1+ 21. Rxf1 Nf5) 20. Bg5 $2 (20. Qh3 $11) 20... Re8 (20... Rf8 $19 {[%cal Rf5f1]} 21. Qe2 Qg7) 21. Bxe7 (21. Qh4 $17) 21... Rxe7 $19 22. a4 Qg7 $2 ({Black should try} 22... Rxf1+ $19 23. Rxf1 Qe8) 23. Rxf5 $15 gxf5 24. Qxf5 {[%mdl 4096] Endgame KQR-KQR} Rf7 25. Qc8+ Rf8 26. Qb7 $2 {[%mdl 8192]} (26. Qe6+ $15 Qf7 27. Qg4+ Kh8 28. Qe2) 26... Qf7 $2 (26... e4 27. Qa6 Qf7) 27. h3 $19 {[#]} Qf2+ $2 (27... e4 $1 $19 {[%cal Re4e3]} 28. c5 bxc5) 28. Kh1 $11 Qf4 (28... Qc5 $11) 29. Qxc7 $14 Rf7 $2 {[%mdl 8192] White leaves nothing to chance now.} (29... e4 $14) 30. Qxd6 $18 Qxc4 (30... e4 {was worth a try.} 31. Qe6 Qf5 32. Qxf5 Rxf5) 31. Qd8+ Kg7 32. d6 $2 ({White has to play} 32. Qg5+ $18 Kf8 33. Qxe5 Rf1+ 34. Rxf1+ Qxf1+ 35. Kh2) 32... Qxc3 $2 {[%mdl 8192]} (32... Rf1+ $11 33. Rxf1 Qxf1+ 34. Kh2 Qf4+ {[%mdl 64] Double Attack} 35. g3 Qd2+ 36. Kg1 Qe3+ 37. Kh2 Qf2+ 38. Kh1 Qe1+ 39. Kh2 Qf2+ 40. Kh1 Qe1+ 41. Kh2 Qf2+) 33. Rd1 (33. Qg5+ $142 Kf8 34. Rc1 Qxc1+ 35. Qxc1) 33... Qc6 34. d7 {White mates.} e4 35. Qg5+ Qg6 36. Qxg6+ hxg6 37. d8=Q g5 38. Rd7 Rxd7 39. Qxd7+ {[%mdl 64] Double Attack} Kf6 40. Qd6+ Kf5 41. Qd5+ Kf4 42. Kg1 a6 43. Kf1 b5 44. axb5 axb5 45. Ke2 b4 {[#]} 46. Qc4 $1 b3 47. Qxb3 g4 48. Qe3+ Kf5 49. hxg4+ {[%mdl 64] Overworked Piece} Kxg4 50. Qxe4+ Kg3 51. Qf3+ Kh2 52. g4 Kg1 53. g5 Kh2 54. Qg4 Kh1 55. Kf2 {[%cal Rg4h5]} Kh2 56. Qg2# {Accuracy: White = 50%, Black = 30%.} 1-0

[Event "Stay Safe Play From Home 229"]
[Site "Emanuel Lasker Arena"]
[Date "2020.06.16"]
[Round "2"]
[White "SoulofWolf"]
[Black "Mepe_Nika"]
[Result "0-1"]
[WhiteElo "2225"]
[BlackElo "2367"]
[Annotator "TA"]
[PlyCount "92"]
[EventDate "2020.06.16"]
[EventType "swiss (blitz)"]

{[%evp 9,91,-22,-27,-27,-18,-25,29,-90,-83,-80,-25,-141,-108,-116,-115,-114,-9,-127,-50,-181,-97,-226,-224,-328,-318,-328,-327,-375,-272,-272,-270,-325,-322,-316,-276,-382,-370,-716,-708,-600,-225,-227,-233,-396,-380,-548,-255,-222,0,-542,-469,-478,-474,-787,-779,-1166,-1166,-1416,-1409,-1388,-1358,-29986,-29986,-29986,-29987,-29987,-29987,-29988,-29989,-29989,-29990,-29990,-29991,-29992,-29992,-29992,-29991,-29993,-29994,-29994,-29995,-29995,-29996,-29999]} 1. d4 d5 2. Nf3 Nf6 3. Bg5 Ne4 4. Bf4 c5 5. e3 Qb6 6. b3 $1 {D03: 1 d4 d5 2 Nf3 Nf6 3 Bg5, including Torre Attack with early ...d5.} Nc6 7. c3 Bf5 (7... cxd4 $142 8. exd4 f6) 8. Qc1 {[#]} (8. dxc5 $1 $11 {keeps the balance.} Qxc5 9. b4) 8... e6 $146 ({Predecessor:} 8... f6 9. Nbd2 Rc8 10. Qb2 cxd4 11. Nxd4 Nxd4 12. Nxe4 e5 13. exd4 Bxe4 14. dxe5 Rxc3 15. exf6 Qxf6 {½-½ (36) Segovia Sanchez,A (2013)-Ladron de Guevara Galar,F (2084) Pais Vasco 2009}) 9. Be2 cxd4 (9... f6 $17 {Strongly threatening ...g5.} 10. h3 cxd4 11. exd4 e5 $1 {[%mdl 512]}) 10. Nxd4 (10. exd4 $11 f6 11. Be3) 10... Nxd4 11. exd4 Rc8 $1 12. O-O {[#]} Bd6 (12... Bb4 $1 $17 {[%cal Re4c3][%mdl 512]} 13. Bd2 (13. cxb4 Rxc1) 13... O-O) 13. Be3 (13. Bxd6 $11 Nxd6 14. Qe3) 13... O-O (13... Qc7 $1 $17 14. h3 Nxc3 15. Nxc3 Qxc3 16. Qxc3 Rxc3) 14. f3 {[#]} (14. c4 $1 $15) 14... Nf6 (14... Nxc3 $1 $19 {[%mdl 512]} 15. Nxc3 Qb4) 15. Nd2 (15. g4 $17 {was necessary.} Bg6 16. g5) 15... Qc7 $19 16. h3 (16. g4 $142 Qxc3 17. Qxc3 Rxc3 18. Kf2) 16... Qxc3 17. Qxc3 Rxc3 18. Kf2 Rfc8 {White must now prevent ...Nh5.} 19. g4 Bg6 20. h4 h5 21. g5 Nd7 22. Bd1 e5 {aiming for ...exd4.} 23. Re1 $2 (23. b4) 23... exd4 24. Bxd4 Bc5 $2 (24... Rd3 25. Bxa7 Rxd2+ 26. Re2 Rxe2+ 27. Bxe2 b6) 25. Bxc5 Nxc5 ({Don't play} 25... R3xc5 26. b4 $17) 26. Re3 $2 (26. Kg3) 26... Nd3+ 27. Ke2 (27. Kg3 $142) 27... Nc1+ (27... Nf4+ $142 28. Kf2 Nh3+ 29. Ke2 Rxe3+ 30. Kxe3 Rc3+ 31. Ke2 Bd3+ 32. Ke1 Rc8) 28. Kf2 Nd3+ $2 (28... Rxe3 29. Kxe3 Nd3) 29. Ke2 $1 Rc1 30. Rxc1 Rxc1 31. a4 (31. Re8+ $142 Kh7 32. Nf1) 31... Nf4+ 32. Ke1 Ng2+ {[%mdl 64] Double Attack} 33. Ke2 Nxe3 34. Kxe3 Rxd1 35. Nb1 Rxb1 {Black mates.} 36. Kd4 Rxb3 37. f4 Be4 38. f5 Rb4+ 39. Ke5 Rxa4 40. g6 fxg6 41. Kd6 gxf5 42. Ke5 {[#]} f4 $1 43. Ke6 (43. Kxf4 Bg6+) 43... f3 44. Ke5 f2 45. Kd6 f1=Q 46. Ke5 Qf6# {Accuracy: White = 28%, Black = 48%.} 0-1